[Event "GER OS-354 email"]
[Site "GER email"]
[Date "2018.09.07"]
[Round "?"]
[White "Guenther, Rainer"]
[Black "Seyb, Norbert"]
[Result "0-1"]
[WhiteElo "1233"]
[BlackElo "1636"]
[PlyCount "44"]
[EventDate "2018.09.15"]
[EventType "tourn (corr)"]
[EventRounds "6"]
[EventCountry "GER"]
[SourceTitle "Corr 2022"]
[Source "ChessBase"]
[SourceDate "2021.10.24"]
[SourceVersion "1"]
[SourceVersionDate "2021.10.24"]
[SourceQuality "1"]

1. e4 e5 2. Bc4 Nf6 3. d3 Nc6 4. c3 Bc5 5. Nf3 0-0 6. b4 Be7 7. h3 d5 8. exd5 Nxd5 9. 0-0 a6 10. Bb2 Bf5 11. Nbd2 b5 12. Bb3 Nf4 13. Ne1 a5 14. bxa5 Nxa5 15. d4 Nxb3 16. Nxb3 e4 17. Nc2 Ra6 18. Ne3 Bxh3 19. d5 Bxg2 20. Nxg2 Rg6 21. f3 Rxg2+ 22. Kh1 Qd7 0-1

[Event "GER OS-354 email"]
[Site "GER email"]
[Date "2018.09.07"]
[Round "?"]
[White "Seyb, Norbert"]
[Black "Kunze, Juergen"]
[Result "0-1"]
[WhiteElo "1636"]
[BlackElo "2046"]
[PlyCount "166"]
[EventDate "2018.09.15"]
[EventType "tourn (corr)"]
[EventRounds "6"]
[EventCountry "GER"]
[SourceTitle "Corr 2022"]
[Source "ChessBase"]
[SourceDate "2021.10.24"]
[SourceVersion "1"]
[SourceVersionDate "2021.10.24"]
[SourceQuality "1"]

1. e4 c5 2. Nc3 Nc6 3. g3 g6 4. Bg2 Bg7 5. Nf3 d6 6. 0-0 Nf6 7. d3 0-0 8. h3 Rb8 9. Be3 b5 10. a3 a5 11. Qd2 b4 12. axb4 axb4 13. Nd5 Nd7 14. c3 e6 15. Nf4 Bb7 16. Rfc1 Na5 17. Qd1 bxc3 18. bxc3 e5 19. Ne2 c4 20. Rcb1 Qc7 21. Nd2 cxd3 22. Nc1 Nc5 23. Bxc5 Qxc5 24. Ndb3 Nxb3 25. Rxb3 Ba8 26. Rba3 Rfd8 27. Qxd3 Bf8 28. Nb3 Qc8 29. Nd2 Bc6 30. Ra7 Bd7 31. h4 Be6 32. h5 Qc5 33. R1a5 Qc6 34. Bf1 Rdc8 35. hxg6 hxg6 36. c4 Bh6 37. Nf3 Qxc4 38. Qxc4 Bxc4 39. Bxc4 Rxc4 40. Rd7 Rc2 41. Nh2 Rb1+ 42. Kg2 Be3 43. Ng4 Bxf2 44. Nxf2 Rbb2 45. Rxd6 Rxf2+ 46. Kh3 Rbe2 47. Rxe5 Kg7 48. Rc6 Rh2+ 49. Kg4 Re3 50. Kf4 Ra3 51. Rc8 Rf2+ 52. Kg4 Rff3 53. Ree8 Rxg3+ 54. Kf4 Raf3+ 55. Ke5 Rg5+ 56. Kd4 Rg1 57. Kd5 Rd1+ 58. Ke5 Re1 59. Rb8 Rf5+ 60. Kd4 Rf4 61. Kd5 Rf2 62. Kd4 Kh6 63. Rb7 Rf4 64. Kd5 g5 65. Rb6+ Kh5 66. Rb2 Rd1+ 67. Kc5 f6 68. Rb3 Rf2 69. Rh3+ Kg4 70. Rc3 Rf3 71. Rc4 Rf4 72. Rc2 Kg3 73. Rc3+ Rf3 74. Rc2 g4 75. Rc4 Rf4 76. Re6 Kh3 77. Re8 g3 78. Rc3 Rg4 79. Rh8+ Rh4 80. Rg8 Rh5+ 81. Kc4 Rg5 82. Rxg5 fxg5 83. Rb3 Kh2 0-1

[Event "GER OS-338 email"]
[Site "GER email"]
[Date "2018.02.10"]
[Round "?"]
[White "Guenther, Rainer"]
[Black "Seyb, Norbert"]
[Result "0-1"]
[WhiteElo "1361"]
[BlackElo "1663"]
[PlyCount "50"]
[EventDate "2018.02.19"]
[EventType "tourn (corr)"]
[EventRounds "6"]
[EventCountry "GER"]
[SourceTitle "Corr 2020"]
[Source "ChessBase"]
[SourceDate "2019.09.30"]
[SourceVersion "1"]
[SourceVersionDate "2019.09.30"]
[SourceQuality "1"]

1. e4 e5 2. Bc4 Nf6 3. d3 c6 4. Bg5 d5 5. exd5 cxd5 6. Bb3 Nc6 7. Nc3 Bb4 8. Bd2 0-0 9. Nge2 a6 10. 0-0 h6 11. a3 Bc5 12. Ng3 Bg4 13. Qc1 Nd4 14. h3 Be6 15. Ba2 Rc8 16. Kh1 Qd7 17. Kh2 Rfe8 18. f4 e4 19. dxe4 Nxe4 20. Ncxe4 dxe4 21. Nxe4 Bxa2 22. Nxc5 Rxc5 23. Rxa2 Rxc2 24. Qd1 Re2 25. Re1 Rexd2 0-1

[Event "GER OS-337 email"]
[Site "GER email"]
[Date "2018.01.11"]
[Round "?"]
[White "Seyb, Norbert"]
[Black "Wernitz, Helmut"]
[Result "1-0"]
[WhiteElo "1691"]
[BlackElo "1789"]
[PlyCount "75"]
[EventDate "2018.01.22"]
[EventType "tourn (corr)"]
[EventRounds "6"]
[EventCountry "GER"]
[SourceTitle "Corr 2020"]
[Source "ChessBase"]
[SourceDate "2019.09.30"]
[SourceVersion "1"]
[SourceVersionDate "2019.09.30"]
[SourceQuality "1"]

1. e4 c5 2. Nf3 d6 3. d4 cxd4 4. Nxd4 Nf6 5. Nc3 g6 6. Be2 Bg7 7. 0-0 Nc6 8. Be3 0-0 9. Qd2 Ng4 10. Bxg4 Bxg4 11. f3 Bd7 12. Rad1 Rc8 13. Nd5 e6 14. Nc3 Ne5 15. b3 Qc7 16. Nde2 b5 17. a3 a5 18. Qxd6 b4 19. axb4 Qxd6 20. Rxd6 axb4 21. Bd4 Bc6 22. Na2 Bb5 23. c4 bxc3 24. Naxc3 Bxe2 25. Nxe2 Rc2 26. Re1 Nc6 27. Bxg7 Kxg7 28. Kf1 Rc8 29. Ra1 Ne5 30. Rdd1 Rb2 31. Nd4 Rc3 32. Rab1 Rd3 33. Rbc1 Kf6 34. h4 h6 35. Rxd3 Nxd3 36. Rc3 Rf2+ 37. Kg1 Rc2 38. Nxc2 1-0

[Event "GER OS-325 email"]
[Site "GER email"]
[Date "2017.08.07"]
[Round "?"]
[White "Lindenblatt, Ingo"]
[Black "Seyb, Norbert"]
[Result "0-1"]
[WhiteElo "1680"]
[BlackElo "1691"]
[PlyCount "24"]
[EventDate "2017.08.12"]
[EventType "tourn (corr)"]
[EventRounds "6"]
[EventCountry "GER"]
[SourceTitle "Corr 2020"]
[Source "ChessBase"]
[SourceDate "2019.09.30"]
[SourceVersion "1"]
[SourceVersionDate "2019.09.30"]
[SourceQuality "1"]

1. e4 e5 2. Nf3 Nc6 3. Bb5 a6 4. Ba4 Nf6 5. 0-0 Be7 6. Bxc6 dxc6 7. Qe1 Be6 8. b3 Nd7 9. Bb2 0-0 10. Nxe5 Bf6 11. f4 Nxe5 12. fxe5 Be7 0-1

[Event "GER OS-318 email"]
[Site "GER email"]
[Date "2017.04.20"]
[Round "?"]
[White "Peetoom, Frank"]
[Black "Seyb, Norbert"]
[Result "1/2-1/2"]
[WhiteElo "1730"]
[BlackElo "1684"]
[PlyCount "101"]
[EventDate "2017.04.25"]
[EventType "tourn (corr)"]
[EventRounds "6"]
[EventCountry "GER"]
[SourceTitle "Corr 2020"]
[Source "ChessBase"]
[SourceDate "2019.09.30"]
[SourceVersion "1"]
[SourceVersionDate "2019.09.30"]
[SourceQuality "1"]

1. Nf3 Nf6 2. d4 d5 3. c4 dxc4 4. e3 e6 5. Bxc4 c5 6. 0-0 a6 7. a4 Nc6 8. Qe2 cxd4 9. Rd1 Bd6 10. exd4 0-0 11. Nc3 h6 12. Ne4 Nxe4 13. Qxe4 Qc7 14. Bd2 Bd7 15. Rac1 Rad8 16. Bd3 f5 17. Qe3 Rf6 18. b4 Qb6 19. b5 axb5 20. axb5 Nb4 21. Bc4 Ra8 22. Ne5 Be8 23. Bxb4 Bxb4 24. Nd3 Bd6 25. Nc5 Kh8 26. Qf3 Bxc5 27. dxc5 Qc7 28. Bf1 e5 29. Qc3 Rc8 30. Rd5 e4 31. Qd4 Kh7 32. Be2 Ra8 33. g3 Qa5 34. Qb2 Kg6 35. Bf1 Rd8 36. Qe5 Rxd5 37. Qxd5 Bxb5 38. Bxb5 Qxb5 39. Qc4 Qxc4 40. Rxc4 Rc6 41. Rb4 Rxc5 42. Rxb7 Rc1+ 43. Kg2 Rc2 44. Kg1 Kf6 45. h4 Rc1+ 46. Kg2 Rd1 47. Rb6+ Ke5 48. Rg6 Rd7 49. Kf1 Rd1+ 50. Ke2 Ra1 51. Rxg7 1/2-1/2

[Event "GER OS-318 email"]
[Site "GER email"]
[Date "2017.04.20"]
[Round "?"]
[White "Seyb, Norbert"]
[Black "Heyn, Wolfgang"]
[Result "1/2-1/2"]
[WhiteElo "1684"]
[BlackElo "1819"]
[PlyCount "99"]
[EventDate "2017.04.25"]
[EventType "tourn (corr)"]
[EventRounds "6"]
[EventCountry "GER"]
[SourceTitle "Corr 2022"]
[Source "ChessBase"]
[SourceDate "2021.10.24"]
[SourceVersion "1"]
[SourceVersionDate "2021.10.24"]
[SourceQuality "1"]

1. e4 c5 2. Nf3 Nc6 3. d4 cxd4 4. Nxd4 Nf6 5. Nc3 e5 6. Ndb5 d6 7. Bg5 a6 8. Bxf6 gxf6 9. Na3 b5 10. Nd5 f5 11. Bd3 Be6 12. 0-0 Bxd5 13. exd5 Ne7 14. Nxb5 Bg7 15. Nc3 e4 16. Be2 0-0 17. Qd2 Ng6 18. Rab1 Re8 19. Rfe1 f4 20. Bf1 e3 21. fxe3 fxe3 22. Qd3 Qg5 23. g3 Nf4 24. Qc4 Be5 25. Ne4 Qg6 26. Rxe3 Rac8 27. Qa4 Nxd5 28. Ree1 Nb6 29. Qb4 d5 30. Nf2 Nc4 31. Bxc4 Rxc4 32. Qb7 Qxc2 33. Qxd5 Rd4 34. Qf3 Rd2 35. Qe3 Rc8 36. Rbd1 Rxd1 37. Qg5+ Qg6 38. Qxg6+ fxg6 39. Nxd1 Bd4+ 40. Kf1 Kf7 41. Re2 h5 42. Rd2 Bf6 43. Nf2 Ke6 44. Ne4 Bg7 45. b3 Ke5 46. Nd6 Rc3 47. Nc4+ Ke4 48. Re2+ Kd5 49. Re7 Bd4 50. Rd7+ 1/2-1/2

[Event "GER OS-318 email"]
[Site "GER email"]
[Date "2017.04.20"]
[Round "?"]
[White "Seyb, Norbert"]
[Black "Nitschke, Norbert"]
[Result "1/2-1/2"]
[WhiteElo "1684"]
[BlackElo "1828"]
[PlyCount "87"]
[EventDate "2017.04.25"]
[EventType "tourn (corr)"]
[EventRounds "6"]
[EventCountry "GER"]
[SourceTitle "Corr 2020"]
[Source "ChessBase"]
[SourceDate "2019.09.30"]
[SourceVersion "1"]
[SourceVersionDate "2019.09.30"]
[SourceQuality "1"]

1. e4 e5 2. Nf3 Nc6 3. Bb5 a6 4. Ba4 Be7 5. 0-0 Nf6 6. Re1 b5 7. Bb3 0-0 8. c3 d6 9. h3 Bb7 10. d4 h6 11. Nbd2 Re8 12. Nf1 exd4 13. cxd4 Na5 14. Bc2 d5 15. e5 Ne4 16. Ne3 Bf8 17. Qe2 c5 18. Nxd5 Qxd5 19. Bxe4 Qxe4 20. Qxe4 Bxe4 21. Rxe4 cxd4 22. Nxd4 Nc4 23. e6 Bc5 24. b3 Rad8 25. Nxb5 Rd1+ 26. Kh2 axb5 27. bxc4 Bd6+ 28. g3 b4 29. exf7+ Kxf7 30. Rxe8 Kxe8 31. Bb2 Rd2 32. Bxg7 Rxf2+ 33. Kh1 h5 34. Bd4 Rd2 35. Be3 Re2 36. Bf4 Bc5 37. Bc7 Kd7 38. Ba5 Rb2 39. g4 hxg4 40. hxg4 Be7 41. Bb6 Re2 42. Kg1 Kc6 43. Kf1 Re4 44. Bf2 1/2-1/2

[Event "GER OS-317 email"]
[Site "GER email"]
[Date "2017.03.31"]
[Round "?"]
[White "Seyb, Norbert"]
[Black "Kunze, Juergen"]
[Result "0-1"]
[WhiteElo "1706"]
[BlackElo "1953"]
[PlyCount "94"]
[EventDate "2017.04.06"]
[EventType "tourn (corr)"]
[EventRounds "6"]
[EventCountry "GER"]
[SourceTitle "Corr 2020"]
[Source "ChessBase"]
[SourceDate "2019.09.30"]
[SourceVersion "1"]
[SourceVersionDate "2019.09.30"]
[SourceQuality "1"]

1. e4 e5 2. Nf3 Nf6 3. d4 Nxe4 4. Bd3 d5 5. Nxe5 Nd7 6. Nxd7 Bxd7 7. 0-0 Bd6 8. c4 c6 9. cxd5 cxd5 10. Nc3 Nxc3 11. bxc3 0-0 12. Qh5 g6 13. Qxd5 Qc7 14. g3 Be6 15. Qf3 Qxc3 16. Bh6 Rfd8 17. Bg5 Rd7 18. d5 Bf5 19. Rfd1 Bxd3 20. Qxd3 Qxd3 21. Rxd3 Rc8 22. Bf6 b5 23. Re1 Rdc7 24. Re2 Kf8 25. Rdd2 a5 26. Kg2 a4 27. Rb2 Rc5 28. Red2 Ke8 29. Rd3 Kd7 30. a3 Rb8 31. Bg5 Be5 32. Re2 Rc3 33. Rxc3 Bxc3 34. Re7+ Kd6 35. Rxf7 Kxd5 36. Rxh7 Kc4 37. Bf4 Rd8 38. Bg5 Rd5 39. Rh4+ Kb3 40. Be7 Rd4 41. Rh6 Bb2 42. Rxg6 Bxa3 43. Bxa3 Kxa3 44. h4 b4 45. h5 b3 46. h6 Rd8 47. Rb6 Kb2 0-1

[Event "GER OS-312 email"]
[Site "GER email"]
[Date "2017.01.30"]
[Round "?"]
[White "Hagen, Joerg"]
[Black "Seyb, Norbert"]
[Result "1-0"]
[WhiteElo "1778"]
[BlackElo "1706"]
[PlyCount "93"]
[EventDate "2017.02.03"]
[EventType "tourn (corr)"]
[EventRounds "6"]
[EventCountry "GER"]
[SourceTitle "Corr 2020"]
[Source "ChessBase"]
[SourceDate "2019.09.30"]
[SourceVersion "1"]
[SourceVersionDate "2019.09.30"]
[SourceQuality "1"]

1. e4 e5 2. f4 d5 3. exd5 e4 4. d3 Nf6 5. dxe4 Nxe4 6. Nf3 Bc5 7. Qe2 Qe7 8. Be3 Na6 9. Bxc5 Naxc5 10. Nbd2 0-0 11. 0-0-0 Re8 12. Nxe4 Nxe4 13. Ne5 Nd6 14. Qf2 f6 15. Nf3 Bf5 16. Bd3 Bxd3 17. Rxd3 Qf7 18. Re1 b6 19. b3 a5 20. c4 Qg6 21. Rdd1 Rxe1 22. Rxe1 a4 23. Qe2 Re8 24. Qb2 Rxe1+ 25. Nxe1 Qh5 26. g3 axb3 27. axb3 h6 28. Qg2 f5 29. Nc2 Qe8 30. Qf3 Qa8 31. Kb2 b5 32. c5 Ne4 33. b4 Nf6 34. Qb3 Nxd5 35. Ne3 c6 36. Nxd5 cxd5 37. Qc2 Qc6 38. Kc3 Qf6+ 39. Kd3 Qe7 40. Kd4 g6 41. c6 Qxb4+ 42. Kxd5 Qe7 43. Qc5 Qf7+ 44. Kd4 Qf6+ 45. Kd3 Qd8+ 46. Kc3 Kf7 47. c7 1-0

[Event "GER OS-310 email"]
[Site "GER email"]
[Date "2017.01.09"]
[Round "?"]
[White "Seyb, Norbert"]
[Black "Hruschka, Walter"]
[Result "1/2-1/2"]
[WhiteElo "1706"]
[BlackElo "1833"]
[PlyCount "46"]
[EventDate "2017.01.13"]
[EventType "tourn (corr)"]
[EventRounds "6"]
[EventCountry "GER"]
[SourceTitle "Corr 2020"]
[Source "ChessBase"]
[SourceDate "2019.09.30"]
[SourceVersion "1"]
[SourceVersionDate "2019.09.30"]
[SourceQuality "1"]

1. e4 e5 2. Nf3 Nf6 3. d4 Nxe4 4. Bd3 d5 5. Nxe5 Bd6 6. Nd2 Nxd2 7. Bxd2 0-0 8. 0-0 c5 9. Qh5 g6 10. Qh6 Qc7 11. f4 f5 12. Rae1 Qg7 13. Qxg7+ Kxg7 14. dxc5 Bxc5+ 15. Be3 Bxe3+ 16. Rxe3 Nd7 17. Nf3 Nf6 18. Re7+ Rf7 19. Rfe1 Kf8 20. R7e5 Bd7 21. h3 Nh5 22. Ng5 Rg7 23. Rf1 Re8 1/2-1/2

[Event "GER OS-310 email"]
[Site "GER email"]
[Date "2017.01.09"]
[Round "?"]
[White "Seyb, Norbert"]
[Black "Knauer, Hans Joachim"]
[Result "1-0"]
[WhiteElo "1706"]
[BlackElo "1368"]
[PlyCount "45"]
[EventDate "2017.01.13"]
[EventType "tourn (corr)"]
[EventRounds "6"]
[EventCountry "GER"]
[SourceTitle "Corr 2020"]
[Source "ChessBase"]
[SourceDate "2019.09.30"]
[SourceVersion "1"]
[SourceVersionDate "2019.09.30"]
[SourceQuality "1"]

1. e4 e5 2. Nf3 Nc6 3. Bb5 Na5 4. Nc3 Nf6 5. d4 exd4 6. Nxd4 Bc5 7. e5 Ng8 8. Nf5 Kf8 9. Be3 Bb4 10. Qd4 g6 11. Qxb4+ d6 12. Nh6 Ne7 13. Qxa5 b6 14. Qb4 Kg7 15. Bg5 dxe5 16. Qh4 Kf8 17. Rd1 Bd7 18. Rxd7 Qe8 19. Bxe7+ Kg7 20. Bf6+ Kf8 21. Qc4 Qxd7 22. Bxd7 c5 23. Qxf7# 1-0

[Event "GER HS-192 email"]
[Site "GER email"]
[Date "2015.11.01"]
[Round "?"]
[White "Friedrich, Gerhard"]
[Black "Seyb, Norbert"]
[Result "1-0"]
[WhiteElo "1902"]
[BlackElo "1771"]
[PlyCount "53"]
[EventDate "2015.11.09"]
[EventType "tourn (corr)"]
[EventRounds "6"]
[EventCountry "GER"]
[SourceTitle "Corr 2020"]
[Source "ChessBase"]
[SourceDate "2019.09.30"]
[SourceVersion "1"]
[SourceVersionDate "2019.09.30"]
[SourceQuality "1"]

1. e4 e5 2. Nf3 Nc6 3. Bb5 a6 4. Bxc6 dxc6 5. 0-0 f6 6. d4 Bg4 7. c3 Bd6 8. Be3 Qe7 9. Nbd2 0-0-0 10. h3 exd4 11. cxd4 Bh5 12. Re1 Kb8 13. b4 Qe6 14. a3 Nh6 15. Rb1 f5 16. d5 cxd5 17. e5 Be7 18. Nd4 Qg6 19. Qa4 f4 20. Bxf4 Rdf8 21. b5 Rxf4 22. bxa6 b6 23. Rec1 Rxd4 24. Qd7 Bc5 25. Rxc5 Qxb1+ 26. Nxb1 bxc5 27. Qb5+ 1-0

[Event "GER HS-192 email"]
[Site "GER email"]
[Date "2015.11.01"]
[Round "?"]
[White "Seyb, Norbert"]
[Black "Berg, Juergen"]
[Result "0-1"]
[WhiteElo "1771"]
[BlackElo "1975"]
[PlyCount "78"]
[EventDate "2015.11.09"]
[EventType "tourn (corr)"]
[EventRounds "6"]
[EventCountry "GER"]
[SourceTitle "Corr 2020"]
[Source "ChessBase"]
[SourceDate "2019.09.30"]
[SourceVersion "1"]
[SourceVersionDate "2019.09.30"]
[SourceQuality "1"]

1. e4 c5 2. Nf3 d6 3. d4 cxd4 4. Nxd4 Nf6 5. Nc3 Nc6 6. Bg5 e6 7. Qd2 Be7 8. 0-0-0 0-0 9. Nb3 a6 10. Bxf6 gxf6 11. Be2 b5 12. a3 Kh8 13. f4 Rb8 14. g4 b4 15. axb4 Nxb4 16. Kb1 Bd7 17. h4 a5 18. g5 a4 19. Nd4 Qa5 20. Na2 Rfc8 21. Nxb4 Rxb4 22. c3 Rbb8 23. Ka1 e5 24. fxe5 dxe5 25. gxf6 Bxf6 26. Nc2 Be6 27. Ne3 Be7 28. Nd5 Bxd5 29. Qxd5 Qb6 30. Rd2 a3 31. Rb1 Rd8 32. Qxe5+ Bf6 33. Rxd8+ Qxd8 34. Qc5 axb2+ 35. Ka2 Rc8 36. Qd5 Qc7 37. Ba6 Rb8 38. c4 Qa7 39. Qc6 Be5 0-1

[Event "GER HS-191 email"]
[Site "GER email"]
[Date "2015.09.21"]
[Round "?"]
[White "Jansen, Uwe"]
[Black "Seyb, Norbert"]
[Result "1-0"]
[WhiteElo "1910"]
[BlackElo "1697"]
[PlyCount "67"]
[EventDate "2015.09.28"]
[EventType "tourn (corr)"]
[EventRounds "6"]
[EventCountry "GER"]
[SourceTitle "Corr 2020"]
[Source "ChessBase"]
[SourceDate "2019.09.30"]
[SourceVersion "1"]
[SourceVersionDate "2019.09.30"]
[SourceQuality "1"]

1. d4 d5 2. c4 dxc4 3. e4 e5 4. Nf3 exd4 5. Bxc4 Nc6 6. 0-0 Be6 7. Bb5 Bc5 8. b4 Bb6 9. a4 a5 10. bxa5 Rxa5 11. Ng5 Nf6 12. Nxe6 fxe6 13. Ba3 Kf7 14. Nd2 Ne5 15. Qb3 c6 16. f4 cxb5 17. fxe5 d3+ 18. Kh1 bxa4 19. Qb2 Bd4 20. Qxb7+ Kg6 21. exf6 Ra7 22. Qc6 Bxa1 23. fxg7 Kxg7 24. Rxa1 Re8 25. Qc5 Ra5 26. Qc3+ Kg8 27. Nf3 e5 28. Bd6 Ra7 29. Bxe5 Rf7 30. Bd4 Rxe4 31. Rxa4 Qd5 32. h3 Ref4 33. Kh2 Rg7 34. Qxd3 1-0